[Event "Miami op"]
[Site "Miami USA"]
[Date "2007.09.26"]
[Round "1"]
[White "Santalla, Andres"]
[Black "Zugic, Igor"]
[Result "0-1"]
[WhiteElo "2041"]
[BlackElo "2477"]
[PlyCount "48"]
[EventDate "2007.09.26"]
[EventType "swiss"]
[EventRounds "9"]
[EventCountry "USA"]
[Source "Mark Crowther"]
[SourceDate "2007.10.01"]

1. e4 c5 2. Nc3 d6 3. g3 Nc6 4. Bg2 g6 5. d3 Bg7 6. Be3 e5 7. Nd5 Nce7 8. c4
Nxd5 9. cxd5 f5 10. Qd2 Nf6 11. Ne2 Ng4 12. O-O Nxe3 13. Qxe3 O-O 14. Kh1 f4
15. gxf4 exf4 16. Nxf4 Bd4 17. Qc1 Qf6 18. Ne6 Bxb2 19. Qc4 Bxe6 20. dxe6 Bxa1
21. e7+ Rf7 22. f4 Bd4 23. e5 Qxe7 24. Bd5 Raf8 0-1

[Event "Miami op"]
[Site "Miami USA"]
[Date "2007.09.27"]
[Round "3"]
[White "Davis, Loal"]
[Black "Zugic, Igor"]
[Result "0-1"]
[WhiteElo "2212"]
[BlackElo "2477"]
[PlyCount "44"]
[EventDate "2007.09.26"]
[EventType "swiss"]
[EventRounds "9"]
[EventCountry "USA"]
[Source "Mark Crowther"]
[SourceDate "2007.10.01"]

1. e4 c5 2. Nf3 d6 3. d4 cxd4 4. Nxd4 Nf6 5. Nc3 Bd7 6. f4 e5 7. Nf3 Bc6 8. Bd3
Nbd7 9. O-O Be7 10. Kh1 O-O 11. Nh4 g6 12. Nf3 Nc5 13. fxe5 Nfxe4 14. Nxe4 Nxe4
15. Bh6 Re8 16. exd6 Qxd6 17. Bc4 Rad8 18. Qxd6 Nxd6 19. Bb3 Nf5 20. Bf4 Bf6
21. Ng5 Re2 22. Rg1 Rd4 0-1

[Event "Miami op"]
[Site "Miami USA"]
[Date "2007.09.28"]
[Round "4"]
[White "Zugic, Igor"]
[Black "Rodriguez, Erdwin"]
[Result "1-0"]
[WhiteElo "2477"]
[BlackElo "2259"]
[PlyCount "35"]
[EventDate "2007.09.26"]
[EventType "swiss"]
[EventRounds "9"]
[EventCountry "USA"]
[Source "Mark Crowther"]
[SourceDate "2007.10.01"]

1. c4 Nf6 2. Nc3 e5 3. Nf3 d6 4. d4 e4 5. Ng5 Qe7 6. Qc2 Nc6 7. e3 Bf5 8. d5
Nb8 9. f3 Nbd7 10. Nb5 Nc5 11. b4 Na6 12. a3 h6 13. Nxe4 Nxe4 14. fxe4 Bxe4 15.
Bd3 Qh4+ 16. g3 Qf6 17. Bxe4 Qxa1 18. Nc3 1-0

[Event "Miami op"]
[Site "Miami USA"]
[Date "2007.09.28"]
[Round "5"]
[White "Mikhalevski, Victor"]
[Black "Zugic, Igor"]
[Result "1-0"]
[WhiteElo "2598"]
[BlackElo "2477"]
[PlyCount "61"]
[EventDate "2007.09.26"]
[EventType "swiss"]
[EventRounds "9"]
[EventCountry "USA"]
[Source "Mark Crowther"]
[SourceDate "2007.10.01"]

1. d4 e6 2. c4 b6 3. e4 Bb7 4. Qc2 Bb4+ 5. Nd2 c5 6. dxc5 Bxc5 7. Ngf3 Be7 8.
Bd3 d6 9. O-O Nf6 10. b3 Nbd7 11. Re1 Qc7 12. Bb2 Rc8 13. Nd4 a6 14. Rac1 g5
15. Qd1 Ne5 16. Bb1 h5 17. b4 Nfd7 18. f3 h4 19. h3 Qb8 20. Qb3 Bf6 21. Nf1 Kf8
22. Ne3 Kg7 23. Rf1 Qa8 24. Ng4 Nxg4 25. fxg4 Ne5 26. Qe3 Rh6 27. c5 bxc5 28.
bxc5 Qb8 29. Nb3 Nxg4 30. Bxf6+ Nxf6 31. e5 1-0

[Event "Miami op"]
[Site "Miami USA"]
[Date "2007.09.29"]
[Round "7"]
[White "Panchanathan, Magesh"]
[Black "Zugic, Igor"]
[Result "1-0"]
[WhiteElo "2486"]
[BlackElo "2477"]
[PlyCount "123"]
[EventDate "2007.09.26"]
[EventType "swiss"]
[EventRounds "9"]
[EventCountry "USA"]
[Source "Mark Crowther"]
[SourceDate "2007.10.01"]

1. e4 c5 2. Nf3 d6 3. d4 cxd4 4. Nxd4 Nf6 5. Nc3 Nc6 6. Bg5 Bd7 7. Qd2 Rc8 8.
O-O-O Nxd4 9. Qxd4 Qa5 10. Bxf6 gxf6 11. f4 Bg7 12. Kb1 Qc5 13. f5 Qxd4 14.
Rxd4 a6 15. Be2 Bh6 16. Nd5 Bc6 17. Rf1 Rg8 18. g3 Bxd5 19. exd5 Be3 20. Re4
Bc5 21. c3 Rc7 22. a4 Ba7 23. Rh4 Rg7 24. Kc2 Rc5 25. Rd1 Rc8 26. a5 Kd8 27.
Bf3 Rc5 28. b4 Rc8 29. Re1 Bf2 30. Re2 Ba7 31. Kb3 Bb8 32. Ree4 Kd7 33. Kb2 Bc7
34. Bd1 b6 35. axb6 Bxb6 36. Ba4+ Kd8 37. Kb3 a5 38. Bc6 axb4 39. cxb4 Rc7 40.
Kc4 Ra7 41. Kb5 Bg1 42. Re1 Bf2 43. Re2 Bg1 44. Rf4 Ra1 45. Rfe4 Ra7 46. Rc4
Rg5 47. Rc1 Bd4 48. Re4 Bf2 49. Rc2 Bg1 50. Re1 Bd4 51. Rd1 Be3 52. Re2 Ra3 53.
Rde1 Bd4 54. Rxe7 Be5 55. Re8+ Kc7 56. Re4 Rxf5 57. Re7+ Kd8 58. Rd7+ Kc8 59.
Rxf7 Rh5 60. Kb6 Kd8 61. Rd7+ Kc8 62. Re7 1-0

[Event "Miami op"]
[Site "Miami USA"]
[Date "2007.09.30"]
[Round "8"]
[White "Zugic, Igor"]
[Black "Perez, Flavio"]
[Result "1/2-1/2"]
[WhiteElo "2477"]
[BlackElo "2223"]
[PlyCount "72"]
[EventDate "2007.09.26"]
[EventType "swiss"]
[EventRounds "9"]
[EventCountry "USA"]
[Source "Mark Crowther"]
[SourceDate "2007.10.01"]

1. Nf3 g6 2. e4 Bg7 3. d4 d6 4. c3 c6 5. Nbd2 Nd7 6. Bd3 Qc7 7. O-O Ngf6 8. Re1
e5 9. a4 O-O 10. a5 Rb8 11. b4 b5 12. axb6 axb6 13. dxe5 Nxe5 14. Nxe5 dxe5 15.
Qc2 Bh6 16. Bb2 c5 17. b5 Bxd2 18. Qxd2 c4 19. Bc2 Be6 20. Ba3 Rfd8 21. Qe3 Kg7
22. Bc1 Ng4 23. Qg3 Ra8 24. Rxa8 Rxa8 25. Bd1 Nh6 26. Be2 f6 27. f4 Ra2 28. f5
Bf7 29. h4 Ng8 30. Be3 Rc2 31. Bf2 Qd7 32. Rd1 Qxb5 33. fxg6 hxg6 34. Bg4 Qb2
35. Be1 Nh6 36. Bh3 Rc1 1/2-1/2

[Event "Miami op"]
[Site "Miami USA"]
[Date "2007.09.30"]
[Round "9"]
[White "Mabe, Chris"]
[Black "Zugic, Igor"]
[Result "1/2-1/2"]
[WhiteElo "2240"]
[BlackElo "2477"]
[PlyCount "78"]
[EventDate "2007.09.26"]
[EventType "swiss"]
[EventRounds "9"]
[EventCountry "USA"]
[Source "Mark Crowther"]
[SourceDate "2007.10.01"]

1. Nf3 Nf6 2. c4 c5 3. Nc3 Nc6 4. g3 d5 5. d4 e6 6. cxd5 Nxd5 7. Bg2 Nxc3 8.
bxc3 Be7 9. O-O O-O 10. Rb1 Qa5 11. Qb3 Rd8 12. e3 Rb8 13. Nd2 Qc7 14. Qb5 Bd7
15. Qe2 Na5 16. Ne4 cxd4 17. exd4 Rbc8 18. Bf4 Qc4 19. Qh5 b6 20. Bd6 Bf8 21.
Bxf8 Rxf8 22. Nd6 Qxa2 23. Nxc8 Rxc8 24. Qg5 Qa3 25. d5 h6 26. Qf4 Qc5 27. Rfd1
Nc4 28. dxe6 Bxe6 29. Bb7 Rf8 30. Ba6 f6 31. Qd4 Qc7 32. f4 Bf7 33. Rb4 Na5 34.
Bd3 Re8 35. Bb5 Rc8 36. Ba6 Re8 37. Bb5 Rc8 38. Ba6 Re8 39. Bb5 Rc8 1/2-1/2

[Event "CAN-ch"]
[Site "Toronto CAN"]
[Date "2006.08.18"]
[Round "1"]
[White "Zugic, Igor"]
[Black "Gardner, Robert"]
[Result "1-0"]
[WhiteElo "2467"]
[BlackElo "2217"]
[PlyCount "59"]
[EventDate "2006.08.18"]
[EventType "swiss"]
[EventRounds "9"]
[EventCountry "CAN"]
[Source "Mark Crowther"]
[SourceDate "2006.08.21"]

1. d4 Nf6 2. Nf3 e6 3. c4 b6 4. g3 Ba6 5. Qc2 c5 6. Bg2 Bb7 7. d5 exd5 8. cxd5
Bxd5 9. Nc3 Bc6 10. e4 Be7 11. Bf4 O-O 12. O-O-O Na6 13. Ne5 Bb7 14. Qe2 Nb4
15. g4 d6 16. Nc4 d5 17. exd5 Nfxd5 18. Bxd5 Bxd5 19. Nxd5 Nxd5 20. Qe5 Qc8 21.
Qxd5 Qxg4 22. Bd6 Bxd6 23. Nxd6 Qf4+ 24. Kb1 Rad8 25. Qf5 Qa4 26. Rhg1 g6 27.
Qe4 Qd7 28. Rge1 Qh3 29. Qf4 Qh5 30. f3 1-0

[Event "CAN-ch"]
[Site "Toronto CAN"]
[Date "2006.08.19"]
[Round "2"]
[White "Stevens, Christian"]
[Black "Zugic, Igor"]
[Result "1/2-1/2"]
[WhiteElo "2314"]
[BlackElo "2467"]
[PlyCount "62"]
[EventDate "2006.08.18"]
[EventType "swiss"]
[EventRounds "9"]
[EventCountry "CAN"]
[Source "Mark Crowther"]
[SourceDate "2006.08.21"]

1. Nf3 d5 2. d4 c6 3. Bf4 Qb6 4. e3 Qxb2 5. Nbd2 Qb6 6. Rb1 Qd8 7. c4 Nf6 8.
Bd3 Nbd7 9. Qc2 g6 10. cxd5 Nxd5 11. Bg5 Bg7 12. h4 Qa5 13. h5 Nf8 14. h6 Bf6
15. Bxf6 exf6 16. O-O Qc3 17. Qxc3 Nxc3 18. Rb3 Nd5 19. Nc4 Ke7 20. Na5 Nb6 21.
Nd2 Ne6 22. Ne4 Nd8 23. Nc5 Re8 24. Rfb1 f5 25. a4 Kf6 26. Naxb7 Nxb7 27. Nxb7
Be6 28. Rc3 Bd5 29. Nc5 Re7 30. a5 Nc8 31. Na6 Kg5 1/2-1/2

[Event "CAN-ch"]
[Site "Toronto CAN"]
[Date "2006.08.21"]
[Round "4"]
[White "Hamilton, Robert"]
[Black "Zugic, Igor"]
[Result "0-1"]
[WhiteElo "2333"]
[BlackElo "2467"]
[PlyCount "68"]
[EventDate "2006.08.18"]
[EventType "swiss"]
[EventRounds "9"]
[EventCountry "CAN"]
[Source "Mark Crowther"]
[SourceDate "2006.08.28"]

1. d4 d5 2. c4 c6 3. Nf3 Nf6 4. Nc3 a6 5. cxd5 cxd5 6. Bg5 Ne4 7. Bh4 Nc6 8.
Qb3 Nxc3 9. bxc3 Na5 10. Qc2 g6 11. e3 Bf5 12. Qa4+ b5 13. Qb4 f6 14. a4 e6 15.
Qb2 Nc4 16. Qb3 Na5 17. Qb2 Nc4 18. Qb3 Be7 19. Be2 Kf7 20. Ra2 Qd7 21. O-O
bxa4 22. Qxa4 Qxa4 23. Rxa4 Bc2 24. Raa1 a5 25. Rfc1 Bb3 26. Ne1 a4 27. Nc2
Rhb8 28. Kf1 a3 29. Ke1 a2 30. Bg3 Rb6 31. Kd1 Na3 32. Bd3 Nxc2 33. Bxc2 Bc4
34. f3 Ba3 0-1

[Event "CAN-ch"]
[Site "Toronto CAN"]
[Date "2006.08.23"]
[Round "6"]
[White "Bluvshtein, Mark"]
[Black "Zugic, Igor"]
[Result "1/2-1/2"]
[WhiteElo "2541"]
[BlackElo "2467"]
[PlyCount "119"]
[EventDate "2006.08.18"]
[EventType "swiss"]
[EventRounds "9"]
[EventCountry "CAN"]
[Source "Mark Crowther"]
[SourceDate "2006.08.28"]

1. d4 Nf6 2. c4 e6 3. Nc3 Bb4 4. e3 O-O 5. Nge2 d5 6. a3 Be7 7. cxd5 exd5 8. b4
c6 9. Ng3 Re8 10. Bd3 Nbd7 11. O-O a5 12. b5 c5 13. Qf3 cxd4 14. exd4 Nf8 15.
Nf5 Bxf5 16. Bxf5 Ne6 17. Bxe6 fxe6 18. Re1 Qb6 19. Qd3 Bd6 20. g3 Rac8 21. Be3
Rc4 22. a4 Qc7 23. Bd2 Bb4 24. Ne2 Bxd2 25. Qxd2 e5 26. dxe5 Rxe5 27. Nf4 Ne4
28. Qd3 Nf6 29. Rxe5 Qxe5 30. Rd1 Rxa4 31. Nxd5 Nxd5 32. Qxd5+ Qxd5 33. Rxd5 b6
34. Rd6 Rb4 35. Rxb6 a4 36. Kg2 a3 37. Ra6 Rxb5 38. Rxa3 Kf7 39. f4 g5 40. Kf3
gxf4 41. gxf4 Kg6 42. Ra8 Rb1 43. Rg8+ Kf6 44. Rg2 Kf5 45. Rg5+ Kf6 46. h4 Rf1+
47. Kg3 Rg1+ 48. Kf2 Rh1 49. h5 Rh3 50. Ra5 Kg7 51. Kg2 Rb3 52. Ra6 Rc3 53. f5
Rc5 54. h6+ Kf7 55. Ra7+ Kf6 56. Rxh7 Rxf5 57. Rg7 Rh5 58. Rg3 Rxh6 59. Rh3
Rxh3 60. Kxh3 1/2-1/2

[Event "CAN-ch"]
[Site "Toronto CAN"]
[Date "2006.08.25"]
[Round "8"]
[White "Gerzhoy, Leonid"]
[Black "Zugic, Igor"]
[Result "1/2-1/2"]
[WhiteElo "2386"]
[BlackElo "2467"]
[PlyCount "63"]
[EventDate "2006.08.18"]
[EventType "swiss"]
[EventRounds "9"]
[EventCountry "CAN"]
[Source "Mark Crowther"]
[SourceDate "2006.08.28"]

1. Nf3 d5 2. d4 Nf6 3. c4 c6 4. Nc3 dxc4 5. a4 Bf5 6. e3 e6 7. Bxc4 Bb4 8. O-O
Nbd7 9. Nh4 Bg6 10. h3 a5 11. Nxg6 hxg6 12. Qe2 O-O 13. Rd1 Qe7 14. e4 e5 15.
d5 Rfd8 16. Bg5 Nf8 17. Rac1 Rac8 18. Ba2 Bc5 19. Be3 N8d7 20. Rd2 cxd5 21.
exd5 Bxe3 22. Qxe3 Qc5 23. Re1 Qxe3 24. Rxe3 Kf8 25. d6 Rc5 26. f4 Ne8 27. fxe5
Nxe5 28. Ne4 Rc1+ 29. Kh2 Nc4 30. Bxc4 Rxc4 31. d7 Nf6 32. Nxf6 1/2-1/2

[Event "4 city match"]
[Site "Kingston CAN"]
[Date "2005.09.10"]
[Round "1"]
[White "Zugic, Igor"]
[Black "Berube, Antoine"]
[Result "0-1"]
[WhiteElo "2474"]
[BlackElo "2130"]
[PlyCount "50"]
[EventDate "2005.09.10"]
[EventType "team"]
[EventRounds "3"]
[EventCountry "CAN"]

1. c4 e5 2. Nc3 Nf6 3. g3 Bb4 4. Bg2 O-O 5. e4 Bxc3 6. bxc3 d6 7. Ne2 b6 8. d3
Bb7 9. f4 exf4 10. gxf4 Nfd7 11. O-O c5 12. Ng3 g6 13. f5 Ne5 14. Bh6 Re8 15.
Qd2 Nbd7 16. f6 Re6 17. Bg5 h6 18. Bxh6 Rxf6 19. Rxf6 Qxf6 20. Rf1 Qe6 21. Nf5
Ba6 22. Bg7 Ng4 23. h3 gxf5 24. hxg4 fxe4 25. Bh6 Qxg4 0-1

[Event "Guelph int"]
[Site "Guelph CAN"]
[Date "2005.07.28"]
[Round "1"]
[White "Zugic, Igor"]
[Black "Filipovich, David"]
[Result "1-0"]
[WhiteElo "2474"]
[BlackElo "2218"]
[PlyCount "77"]
[EventDate "2005.07.28"]
[EventType "swiss"]
[EventRounds "9"]
[EventCountry "CAN"]

1. e4 c6 2. c4 d5 3. cxd5 cxd5 4. exd5 Nf6 5. Qa4+ Nbd7 6. Nc3 g6 7. Bc4 Bg7 8.
d3 a6 9. Nf3 O-O 10. Qa3 b6 11. O-O Bb7 12. Re1 Re8 13. Ng5 b5 14. Bb3 Nb6 15.
d6 e6 16. Nge4 Nxe4 17. Nxe4 Bxe4 18. dxe4 Be5 19. Rd1 Qh4 20. g3 Qxe4 21. Be3
Nd7 22. Rd2 Rec8 23. Bd1 Bf6 24. Be2 Ne5 25. Rad1 Nc4 26. Bxc4 Rxc4 27. d7 Bd8
28. b3 Rc2 29. Rxc2 Qxc2 30. Qc1 Qe4 31. Qc5 Qf3 32. Rd3 Qe4 33. Bh6 Qe1+ 34.
Kg2 Qe4+ 35. Kh3 Qf5+ 36. Qxf5 gxf5 37. Rc3 Ra7 38. Rc8 Rxd7 39. Bg5 1-0

[Event "Guelph int"]
[Site "Guelph CAN"]
[Date "2005.07.28"]
[Round "2"]
[White "Patterson, Roger"]
[Black "Zugic, Igor"]
[Result "0-1"]
[WhiteElo "2179"]
[BlackElo "2474"]
[PlyCount "54"]
[EventDate "2005.07.28"]
[EventType "swiss"]
[EventRounds "9"]
[EventCountry "CAN"]

1. e4 Nf6 2. e5 Nd5 3. d4 d6 4. Nf3 c6 5. Be2 g6 6. O-O dxe5 7. Nxe5 Bg7 8. c4
Nc7 9. Nc3 c5 10. Be3 cxd4 11. Bxd4 Ne6 12. Nd5 Nxd4 13. Qxd4 Nd7 14. f4 e6 15.
Nc3 Nxe5 16. Qxd8+ Kxd8 17. fxe5 Ke7 18. Rad1 Bxe5 19. Rf3 Bxc3 20. Rxc3 Bd7
21. Bf3 Bc6 22. Bxc6 bxc6 23. Rcd3 Rhd8 24. Rxd8 Rxd8 25. Rxd8 Kxd8 26. b4 Kc7
27. a4 c5 0-1

[Event "Guelph int"]
[Site "Guelph CAN"]
[Date "2005.07.29"]
[Round "3"]
[White "Zugic, Igor"]
[Black "Hamilton, Robert"]
[Result "1/2-1/2"]
[WhiteElo "2474"]
[BlackElo "2341"]
[PlyCount "52"]
[EventDate "2005.07.28"]
[EventType "swiss"]
[EventRounds "9"]
[EventCountry "CAN"]

1. c4 Nf6 2. Nc3 d6 3. d4 Bf5 4. Qb3 Qc8 5. g3 e5 6. d5 Nbd7 7. Bg2 e4 8. Qc2
c6 9. Bg5 cxd5 10. cxd5 Qc4 11. Bxf6 Nxf6 12. Qb3 Qxb3 13. axb3 e3 14. fxe3 Ng4
15. e4 Bd7 16. Nd1 g6 17. h3 Ne5 18. Nf3 Bg7 19. Rc1 Ke7 20. Rc7 Rab8 21. Kd2
Rhc8 22. Rxc8 Rxc8 23. g4 Bh6+ 24. e3 Nxf3+ 25. Bxf3 Bg7 26. Nc3 Be5 1/2-1/2

[Event "Guelph int"]
[Site "Guelph CAN"]
[Date "2005.07.30"]
[Round "5"]
[White "Zugic, Igor"]
[Black "Kunte, Abhijit"]
[Result "1/2-1/2"]
[WhiteElo "2474"]
[BlackElo "2561"]
[PlyCount "72"]
[EventDate "2005.07.28"]
[EventType "swiss"]
[EventRounds "9"]
[EventCountry "CAN"]

1. d4 Nf6 2. c4 e6 3. Nc3 Bb4 4. e3 O-O 5. Nge2 d5 6. a3 Be7 7. cxd5 exd5 8. b4
c6 9. Qb3 Bd6 10. g3 Bf5 11. Bg2 Nbd7 12. O-O Bd3 13. Re1 Bc4 14. Qc2 a5 15.
Rb1 axb4 16. axb4 b5 17. e4 dxe4 18. Nxe4 Ra2 19. Qd1 Nxe4 20. Bxe4 Nf6 21.
Bxc6 Qc8 22. Bg2 Qf5 23. Rb2 Rxb2 24. Bxb2 Bxb4 25. Nc3 Rd8 26. Re5 Qxe5 27.
dxe5 Rxd1+ 28. Nxd1 Nd7 29. Ne3 Bd3 30. Bf1 Nc5 31. Bd4 Bxf1 32. Kxf1 Ne6 33.
Bb2 Bc5 34. Nd5 h5 35. f4 g6 36. h3 Kf8 1/2-1/2

[Event "Guelph int"]
[Site "Guelph CAN"]
[Date "2005.08.01"]
[Round "9"]
[White "Zugic, Igor"]
[Black "Burnett, Ronald"]
[Result "1-0"]
[WhiteElo "2474"]
[BlackElo "2433"]
[PlyCount "55"]
[EventDate "2005.07.28"]
[EventType "swiss"]
[EventRounds "9"]
[EventCountry "CAN"]

1. d4 Nf6 2. c4 e6 3. Nc3 Bb4 4. e3 b6 5. Nge2 Ba6 6. a3 Bxc3+ 7. Nxc3 d5 8. b3
O-O 9. a4 Nc6 10. Ba3 Re8 11. Rc1 e5 12. dxe5 Rxe5 13. Nb5 Ne4 14. cxd5 Nxf2
15. Kxf2 Rxd5 16. Qe1 Ne5 17. Kg1 c6 18. Nc3 Bxf1 19. Nxd5 Qxd5 20. Kxf1 Nd3
21. Qd2 Rd8 22. Rc3 Qf5+ 23. Kg1 Rd5 24. Qe2 Qd7 25. h3 Ne5 26. e4 Rd2 27. Qe3
c5 28. Bc1 1-0

[Event "BIH-Tch"]
[Site "Neum BIH"]
[Date "2005.06.04"]
[Round "1"]
[White "Savanovic, Aleksandar"]
[Black "Zugic, Igor"]
[Result "1/2-1/2"]
[WhiteElo "2413"]
[BlackElo "2474"]
[PlyCount "45"]
[EventDate "2005.06.04"]
[EventType "team"]
[EventRounds "9"]
[EventCountry "BIH"]
[Source "Mark Crowther"]
[SourceDate "2005.08.29"]

1. Nf3 c5 2. c4 g6 3. g3 Bg7 4. Bg2 Nc6 5. O-O e6 6. Nc3 Nge7 7. e3 d5 8. cxd5
exd5 9. d4 b6 10. dxc5 bxc5 11. Na4 c4 12. Bd2 Rb8 13. Bc3 Bxc3 14. Nxc3 O-O
15. Nd4 Ne5 16. Qa4 a5 17. b3 Ba6 18. Rfb1 Rb4 19. Qa3 Nd3 20. bxc4 dxc4 21.
Rxb4 Nxb4 22. Rb1 Qc7 23. Qa4 1/2-1/2

[Event "BIH-Tch"]
[Site "Neum BIH"]
[Date "2005.06.05"]
[Round "2"]
[White "Drasko, Milan"]
[Black "Zugic, Igor"]
[Result "1-0"]
[WhiteElo "2510"]
[BlackElo "2474"]
[PlyCount "121"]
[EventDate "2005.06.04"]
[EventType "team"]
[EventRounds "9"]
[EventCountry "BIH"]
[Source "Mark Crowther"]
[SourceDate "2005.08.29"]

1. d4 Nf6 2. c4 c5 3. d5 e6 4. Nc3 exd5 5. cxd5 d6 6. Nf3 g6 7. g3 Bg7 8. Bg2
O-O 9. O-O Nbd7 10. Bf4 Qe7 11. h3 h6 12. e4 a6 13. a4 g5 14. Bd2 Nxe4 15. Nxe4
Qxe4 16. Nxg5 Qd4 17. Ne4 Qxb2 18. Rb1 Qd4 19. Nxd6 Ne5 20. Be3 Qxd1 21. Rfxd1
c4 22. Bd4 b5 23. axb5 axb5 24. Nxb5 Bf5 25. Rbc1 Bd3 26. Nd6 Ra4 27. Nb7 Nf3+
28. Bxf3 Bxd4 29. Rd2 Rb4 30. d6 Bf6 31. Rcd1 Bg5 32. Rxd3 cxd3 33. Rxd3 Rb8
34. Na5 Kg7 35. d7 Rb1+ 36. Kg2 Rf8 37. Nc6 Bd8 38. Ra3 Bb6 39. Ra6 Rb2 40.
Rxb6 Rxb6 41. d8=Q Rxd8 42. Nxd8 Rd6 43. Nc6 Kf6 44. Nb4 Ke5 45. Nd5 Ra6 46.
Nb4 Rd6 47. h4 Kf5 48. Nd5 Ke5 49. Ne3 Kf6 50. g4 Ra6 51. Nc4 Kg7 52. Kg3 Ra4
53. Bd5 Ra6 54. f4 Ra1 55. Ne5 Ra3+ 56. Kg2 f6 57. Nc4 Ra4 58. Kf3 h5 59. g5
Ra1 60. Nd6 Re1 61. Be4 1-0

[Event "BIH-Tch"]
[Site "Neum BIH"]
[Date "2005.06.06"]
[Round "3"]
[White "Zugic, Igor"]
[Black "Jankovic, Alojzije"]
[Result "1-0"]
[WhiteElo "2474"]
[BlackElo "2480"]
[PlyCount "191"]
[EventDate "2005.06.04"]
[EventType "team"]
[EventRounds "9"]
[EventCountry "BIH"]
[Source "Mark Crowther"]
[SourceDate "2005.08.29"]

1. e4 c5 2. Nf3 d6 3. d4 cxd4 4. Nxd4 Nf6 5. Nc3 Nc6 6. Bg5 e6 7. Qd2 a6 8.
O-O-O Bd7 9. f3 Rc8 10. Be3 h5 11. Kb1 b5 12. Nxc6 Bxc6 13. Ne2 Be7 14. Nd4 Bb7
15. Bd3 Nd7 16. Nb3 Nb6 17. Bd4 e5 18. Bc3 Na4 19. Ba5 Qd7 20. Qe2 Qe6 21. Bb4
Nc5 22. Rhe1 g6 23. Qf2 O-O 24. Bf1 Ba8 25. Rc1 Bg5 26. Rcd1 Be7 27. Qe3 Rfe8
28. Rd2 Nxb3 29. Qxb3 d5 30. exd5 Bxd5 31. Rxd5 Bxb4 32. Rexe5 Qc6 33. Bd3 Rxe5
34. Rxe5 Bf8 35. a3 Rd8 36. h3 Qd6 37. Re2 Bg7 38. Ka2 Rb8 39. Re4 Bf6 40. g4
hxg4 41. hxg4 g5 42. Qb4 Qd5+ 43. Qb3 Qd6 44. Qb4 Qd5+ 45. Bc4 Qd8 46. Bb3 a5
47. Qc5 a4 48. Bd5 Rc8 49. Qxb5 Rb8 50. Bb7 Qc7 51. Re8+ Rxe8 52. Qxe8+ Kg7 53.
Qc6 Qe7 54. Qe4 Qc7 55. Bc6 Qb6 56. c3 Qb3+ 57. Ka1 Bxc3 58. bxc3 Qxa3+ 59. Kb1
Qb3+ 60. Kc1 Qxc3+ 61. Qc2 Qa1+ 62. Kd2 Qd4+ 63. Ke2 a3 64. Ba4 Qe5+ 65. Kf1
Qa1+ 66. Kg2 Qd4 67. Bb3 Qe5 68. Ba2 Qd4 69. Qc4 Qb2+ 70. Kh3 Qf6 71. Qd5 Qh6+
72. Kg3 Qf6 73. Qf5 Qd6+ 74. Kh3 Qe7 75. Bd5 Kg8 76. Qc8+ Kg7 77. Qc3+ Kg8 78.
Qb3 Kg7 79. Be4 Qc5 80. Kg2 Kg8 81. Bd5 Qe7 82. Kf2 Kg7 83. Qe3 Qd8 84. Qc3+
Kg8 85. Ba2 Qe7 86. Qe3 Qd8 87. Ke2 Qf6 88. Qxa3 Qe5+ 89. Qe3 Qh2+ 90. Qf2 Qh1
91. Bd5 Qc1 92. Be4 Qc4+ 93. Ke1 Qc1+ 94. Ke2 Qc4+ 95. Bd3 Qa2+ 96. Kf1 1-0

[Event "BIH-Tch"]
[Site "Neum BIH"]
[Date "2005.06.08"]
[Round "5"]
[White "Trkulja, Goran"]
[Black "Zugic, Igor"]
[Result "1-0"]
[WhiteElo "2325"]
[BlackElo "2474"]
[PlyCount "117"]
[EventDate "2005.06.04"]
[EventType "team"]
[EventRounds "9"]
[EventCountry "BIH"]
[Source "Mark Crowther"]
[SourceDate "2005.08.29"]

1. e4 c5 2. Nf3 d6 3. d4 cxd4 4. Nxd4 Nf6 5. Nc3 a6 6. f4 Qc7 7. Bd3 g6 8. Nf3
Nbd7 9. O-O Bg7 10. Qe1 b5 11. a3 Bb7 12. Bd2 e6 13. Qh4 O-O 14. Rae1 Nc5 15.
Ng5 h6 16. Nf3 d5 17. e5 Nfe4 18. Bxe4 Nxe4 19. Nxe4 dxe4 20. Nd4 Rfd8 21. Be3
Bd5 22. Rd1 Rd7 23. Rd2 Rad8 24. Rfd1 Bf8 25. Qf2 Qb7 26. h4 Kh7 27. h5 Bg7 28.
Qh4 Rg8 29. g4 g5 30. fxg5 Bxe5 31. gxh6 f6 32. c3 Qc7 33. Rg2 Rf7 34. Rf1 Qd7
35. Ne2 Kh8 36. Ng3 Bxg3 37. Rxg3 Kh7 38. Rg2 a5 39. Kh1 a4 40. Rgf2 Rgf8 41.
Kh2 e5 42. g5 fxg5 43. Rxf7+ Rxf7 44. Rxf7+ Qxf7 45. Qxg5 Bc6 46. Qxe5 Be8 47.
Kg1 Bd7 48. Qxe4+ Bf5 49. Qe5 Bd7 50. Kh2 Be8 51. Kg3 Bd7 52. Kh4 Be8 53. Bd4
Qf8 54. Qe6 Qf7 55. Qe5 Qf8 56. Qe4+ Kxh6 57. Be3+ Kg7 58. h6+ Kf7 59. Qf5+ 1-0

[Event "BIH-Tch"]
[Site "Neum BIH"]
[Date "2005.06.10"]
[Round "7"]
[White "Golubovic, Boris"]
[Black "Zugic, Igor"]
[Result "1/2-1/2"]
[WhiteElo "2462"]
[BlackElo "2474"]
[PlyCount "68"]
[EventDate "2005.06.04"]
[EventType "team"]
[EventRounds "9"]
[EventCountry "BIH"]
[Source "Mark Crowther"]
[SourceDate "2005.08.29"]

1. e4 Nf6 2. e5 Nd5 3. Nc3 Nxc3 4. dxc3 d6 5. Bf4 Nc6 6. Nf3 dxe5 7. Bxe5 Qxd1+
8. Rxd1 Nxe5 9. Nxe5 e6 10. Bb5+ Ke7 11. Bd7 f6 12. Bxc8 Rxc8 13. Nc4 b6 14.
Ke2 e5 15. f4 exf4 16. Kf3 g5 17. h4 b5 18. Na5 Kf7 19. Nc6 Re8 20. Rd7+ Ke6
21. Rd3 Bd6 22. Nd4+ Kd7 23. Nxb5 h6 24. Nxd6 cxd6 25. Rhd1 Re6 26. Rd5 Rg8 27.
Ra5 Re3+ 28. Kf2 gxh4 29. Rxa7+ Kc6 30. Ra6+ Kb7 31. Rdxd6 Reg3 32. Rab6+ Kc7
33. Rbc6+ Kb7 34. Rb6+ Kc7 1/2-1/2

[Event "BIH-Tch"]
[Site "Neum BIH"]
[Date "2005.06.11"]
[Round "8"]
[White "Basagic, Zlatko"]
[Black "Zugic, Igor"]
[Result "1/2-1/2"]
[WhiteElo "2363"]
[BlackElo "2474"]
[PlyCount "96"]
[EventDate "2005.06.04"]
[EventType "team"]
[EventRounds "9"]
[EventCountry "BIH"]
[Source "Mark Crowther"]
[SourceDate "2005.08.29"]

1. e4 c5 2. c4 Nc6 3. Nc3 g6 4. g3 Bg7 5. Bg2 d6 6. Nge2 h5 7. h3 e5 8. d3 Be6
9. Nd5 Qd7 10. Qa4 Rc8 11. Bg5 f6 12. Bd2 h4 13. g4 Bxd5 14. cxd5 Nd4 15. Qxd7+
Kxd7 16. Nxd4 cxd4 17. Bf3 Rc2 18. g5 f5 19. Bd1 Rc7 20. Ba4+ Kd8 21. Ke2 Ne7
22. Rac1 Rxc1 23. Rxc1 Nc8 24. Rg1 f4 25. f3 Bf8 26. Be1 Be7 27. Rg4 Rh5 28.
Rxh4 Rxh4 29. Bxh4 Nb6 30. b3 Nxa4 31. bxa4 Ke8 32. Kf1 Kf7 33. Kg2 Kg7 34. Be1
Bxg5 35. h4 Be7 36. Kh3 b6 37. a5 bxa5 38. Bxa5 a6 39. Kg4 Kh6 40. Bc7 Kg7 41.
h5 Kh6 42. hxg6 Kxg6 43. Ba5 Kf6 44. Bb4 Kg6 45. Be1 Bd8 46. Kh3 Kh5 47. Kg2
Bh4 48. Ba5 Be7 1/2-1/2

[Event "Guillermo Garcia Prem II"]
[Site "Santa Clara CUB"]
[Date "2004.05.21"]
[Round "1"]
[White "Zugic, Igor"]
[Black "Perez, Rodney"]
[Result "1-0"]
[WhiteElo "2478"]
[BlackElo "2451"]
[PlyCount "75"]
[EventDate "2004.05.20"]
[EventType "tourn"]
[EventRounds "13"]
[EventCountry "CUB"]
[EventCategory "8"]
[Source "Mark Crowther"]
[SourceDate "2004.05.31"]

1. d4 d5 2. c4 c6 3. Nf3 Nf6 4. Nc3 a6 5. e3 b5 6. b3 Bg4 7. h3 Bxf3 8. gxf3 e6
9. f4 Nbd7 10. c5 Ne4 11. Nxe4 dxe4 12. Bg2 f5 13. f3 exf3 14. Bxf3 Rc8 15. Qe2
Nf6 16. Qg2 Qd7 17. Bd2 Nd5 18. O-O-O Qd8 19. Rhe1 Qf6 20. Kb1 Kd7 21. e4 fxe4
22. Rxe4 g6 23. Bg4 Re8 24. Rde1 Nc7 25. Ba5 h5 26. Bxc7 hxg4 27. Be5 Qh4 28.
Bxh8 gxh3 29. Qxg6 h2 30. Qg2 Qxh8 31. Rh1 Qh5 32. Qxh2 Qf3 33. Rhe1 Bg7 34.
Qe2 Qh3 35. Qc2 Bf6 36. R4e3 Qg4 37. f5 Kc8 38. Qe4 1-0